000 00703nam a2200265Ia 4500
005 20260302114954.0
008 008 260114s9999 xx 000 0 eng d
020 _a9781474258852
037 _aTextbook
040 _aCRL
040 _beng
040 _cCRL
041 _2eng
041 _aeng
084 _qCRL
100 _aDebbie Pullinger
_91120323
245 0 _aFrom Tongue to Text: A New Reading of Children's Poetry
260 _bBloomsbury
260 _bBloomsbury Academic
260 _c2017
650 _aLiterary Studies
856 _uhttps://dx.doi.org/10.5040/9781474258852?locatt=label:secondary_bloomsburyCollections
942 _cEBOOK
999 _c1684488
_d1684488